Transport maintenance and management system (Record no. 9173)
[ view plain ]
| 000 -LEADER | |
|---|---|
| fixed length control field | 00438 a2200133 4500 |
| 040 ## - CATALOGING SOURCE | |
| Original cataloging agency | 0 |
| 082 ## - DEWEY DECIMAL CLASSIFICATION NUMBER | |
| Classification number | PGDIT-2 |
| 100 ## - MAIN ENTRY--PERSONAL NAME | |
| Personal name | Muhammad Asim. |
| 245 ## - TITLE STATEMENT | |
| Title | Transport maintenance and management system |
| Statement of responsibility, etc. | Muhammad Asim. |
| 260 ## - PUBLICATION, DISTRIBUTION, ETC. | |
| Place of publication, distribution, etc. | Islamabad : |
| Name of publisher, distributor, etc. | NUST School of Electrical Engineering & Computer Science, |
| Date of publication, distribution, etc. | 2003. |
| 300 ## - PHYSICAL DESCRIPTION | |
| Extent | v, 48 p. : |
| Other physical details | ill. ; |
| Dimensions | 27 cm. + |
| Accompanying material | CD-ROM. |
| 500 ## - GENERAL NOTE | |
| General note | Supervisor : Dr. Adaidullah Anwar |
| 942 ## - ADDED ENTRY ELEMENTS (KOHA) | |
| Koha item type | Project Report |
| Call number prefix | PGDIT-2 ASI |
| Source of classification or shelving scheme | |
| Withdrawn status | Lost status | Damaged status | Not for loan | Permanent Location | Current Location | Total Checkouts | Full call number | Barcode | Date last seen | Price effective from | Koha item type |
|---|---|---|---|---|---|---|---|---|---|---|---|
| Central Library (CL) | Central Library (CL) | PGDIT-2 ASI | SEECSP00748 | 11/14/2012 | 11/14/2012 | Project Report |
